000 02798nam0a2200445 4500
001 RU\NLR\bibl\1439697
005 20260607064000.0
010 _a978-5-89826-321-7
_91500
021 _aRU
_b2009-77122
_94828
035 _a(nilc)RSL-KNO-004388501
035 _a(NLR Aleph) 001431557
090 _a1405928
_c1405928
100 _a20090918d2009 |||y0rusy50 ca
101 0 _arus
102 _aRU
105 _ay |||||||||
200 1 _aЛекции по античной философии
_dLectures on ancient philosophy
_fМераб Мамардашвили
_gРоссийская акад. наук, Ин-т философии
_zeng
205 _a[Доп. и испр. изд.]
210 _aМосква
_cПрогресс-Традиция
_cФонд Мераба Мамардашвили
_d2009
215 _a246, [1] с.
_cил.
_d22
_e1 электр.-опт. диск (CD-ROM)
300 _aАвт. также на англ. яз.: Merab Mamardashvili
309 _aНа авантит.: Кн. 8
320 _aБиблиогр. в подстроч. примеч.
320 _aИмен. указ.: с. 246-247
327 1 _aВ кн. также: Памяти Мераба / Эрнст Неизвестный. Беседа с В.А. Бондаревым об Эрнсте Неизвестном / М.К. Мамардашвили
464 0 _12001#$aПамяти Мераба
_1700#1$3RU\NLR\auth\77259$aНеизвестный$bЭ. И.$f1925-2016$gЭрнст Иосифович$4070
_tПамяти Мераба
_aНеизвестный, Эрнст Иосифович (1925-2016)
464 0 _12001#$aБеседа с В.А. Бондаревым об Эрнсте Неизвестном
_1700#1$3RU\NLR\auth\7722646$aМамардашвили$bМ. К.$f1930-1990$gМераб Константинович$4070
_1701#1$3RU\NLR\auth\7775198$aБондарев$bА. В.$f1958-$gАлексей Викторович$4070
_tБеседа с В.А. Бондаревым об Эрнсте Неизвестном
_aМамардашвили, Мераб Константинович (1930-1990)
510 0 _6z22790
_aLectures on ancient philosophy
_zeng
606 1 _aФилософия античная
_jЛекции, доклады и т.п
_xИстория
_92098323
_3RU\NLR\auth\661269363
686 _aЮ3(0)32я73-2
_2rubbk
686 _aЮ3(0)32я73
686 _aЮ3(2=Гр)7
700 1 _4070
_7ca
_8rus
_aМамардашвили
_bМ. К.
_f1930-1990
_gМераб Константинович
_95703
_3RU\NLR\auth\7722646
790 1 _4070
_7ba
_8rus
_aMamardašvili
_bM. K.
_f1930-1990
_gMerab Konstantinovič
_95709
_3RU\NLR\auth\7722652
801 0 _aRU
_bРКП
_c20090918
_grcr
801 1 _aRU
_bРГБ
_c20090918
801 2 _aRU
_bNLR
_c20091117
_grcr
942 _cBOOK
980 _aNB